| 000 | 00920cam a2200193Ia 4500 | ||
|---|---|---|---|
| 082 |
_a951 _bBLA |
||
| 245 | 0 | 0 |
_aChina under the empress dowager _bbeing the history of the life and times of Tzǔ Hsi, compiled from state papers and the private diary of the comptroller of her household / _cby J.O.P. Bland and E. Backhouse. |
| 260 |
_aPhiladelphia : _bJ.B. Lippincott Co., _c1910 |
||
| 300 |
_a1 online resource (xv, 525, [1] p., [27] leaves of plates) : _bill., maps, ports., facsims. |
||
| 490 | 1 | _aNineteenth Century Collections Online (NCCO): Women: Transnational Networks | |
| 500 | _aIncludes index. | ||
| 500 | _aReproduction of the original from the Smith College Library. | ||
| 526 |
_a0 _b0 _c0 _d951_000000000000000_BLA |
||
| 650 |
_aMCE _9379 |
||
| 700 | 1 |
_aBackhouse, E. _950298 |
|
| 700 | 1 |
_aBland, J. O. P. _950299 |
|
| 856 | 4 | 0 | _uhttp://www.columbia.edu/cgi-bin/cul/resolve?clio10761516 |
| 942 |
_2ddc _cBK |
||
| 999 |
_c553022 _d553022 |
||